000 00958nam a2200313 i 4500
003 EG-GICUC
005 20260402222719.0
008 260402s1978 -cn||||fr|||| 001 0 eng d
040 _aEG-GiCUC
_beng
_cEG-GiCUC
_dEG-GiCUC
_erda
041 _aeng
082 0 4 _221
_a343.6
_bFE . D
092 0 4 _221
099 _aLaw1 10 343.6 FE . D 1978
100 1 _aFeldman,Saul D.
_eAuthor.
245 1 0 _aDeciphering Deviance /
_cBy Saul D. Feldman.
264 1 _aBoston, Toronto :
_bLittle, Brown and Company,
_c1978.
300 _a449 pages ;
_c24 cm.
336 _2rda content
_atext
337 _2rda media
_aComputer
338 _2rda carrier
_aOnline Resource
504 _aIncludes bibliographical references and index.
546 _aText in English
650 1 _aCriminal Law
650 1 _aCriminology
653 _aDeciphering Deviance
856 4 0 _uhttps://fll.law.cu.edu.eg/fulltext/bks/B10-08596.pdf
905 _a43
942 _2ddc
_n0
_cBK
_e21
999 _c68521
_d68521